Analýza informačnej dostatočnosti v procese zmeny organizačnej štruktúry firmy
Analýza informačnej dostatočnosti bola uskutočnená v podniku z oblasti energetického priemyslu, ktorý v čase prieskumu o informačnej dostatočnosti menil organizačnú štruktúru riadenia, vplyvom kúpy zahraničného konkurenta. Uvedený podnik sa rozhodol racionalizovať organizačnú štruktúru a súčasne zme...
Saved in:
| Main Author: | |
|---|---|
| Format: | Book Chapter |
| Language: | Slovak |
| Subjects: | |
| Tags: |
No Tags, Be the first to tag this record!
|
MARC
| LEADER | 00000nla$a2200000$$$4500 | ||
|---|---|---|---|
| 001 | 0114213 | ||
| 005 | 20240502072255.0 | ||
| 041 | 0 | |a slo | |
| 044 | |a SK | ||
| 245 | 1 | 0 | |a Analýza informačnej dostatočnosti v procese zmeny organizačnej štruktúry firmy |c Jakub Kintler |
| 520 | |a Analýza informačnej dostatočnosti bola uskutočnená v podniku z oblasti energetického priemyslu, ktorý v čase prieskumu o informačnej dostatočnosti menil organizačnú štruktúru riadenia, vplyvom kúpy zahraničného konkurenta. Uvedený podnik sa rozhodol racionalizovať organizačnú štruktúru a súčasne zmeniť strategickú orientáciu podnikania. | ||
| 610 | 2 | 0 | |a firmy |
| 610 | 2 | 0 | |a štruktúra podniku organizačná |
| 610 | 2 | 0 | |a zmeny organizačné |
| 610 | 2 | 0 | |a informácie |
| 610 | 2 | 0 | |a informácie vnútropodnikové |
| 100 | 1 | |a Kintler, Jakub, 1979- | |